[Event "SG Turm Raesfeld/Erle 2 - Südlohner SV"]
[Site "Verbandsklasse 2015/2016"]
[Date "2016.02.20"]
[Round "6.1"]
[White "Sparwel, Oliver"]
[Black "Bölker, Franz"]
[Result "1/2-1/2"]
[WhiteElo "1982"]
[BlackElo "1806"]
[PlyCount "32"]
[EventDate "2016.??.??"]
[SourceDate "2015.10.31"]

1. Nf3 c5 2. c4 Nf6 3. Nc3 d5 4. cxd5 Nxd5 5. e4 Nxc3 6. dxc3 Qxd1+ 7. Kxd1 Nc6
8. Be3 e6 9. Kc2 Be7 10. Be2 b6 11. Nd2 O-O 12. f4 Bb7 13. Bf3 Rac8 14. e5 Ba6
15. Bxc6 Rxc6 16. Ne4 Bc4 1/2-1/2

[Event "SG Turm Raesfeld/Erle 2 - Südlohner SV"]
[Site "Verbandsklasse 2015/2016"]
[Date "2016.02.20"]
[Round "6.2"]
[White "Brömmel, Chris"]
[Black "Richters, Alfred"]
[Result "1-0"]
[WhiteElo "1792"]
[BlackElo "1897"]
[PlyCount "55"]
[EventDate "2016.??.??"]
[SourceDate "2015.10.31"]

1. e4 e6 2. b3 d5 3. Bb2 Nf6 4. exd5 Nxd5 5. Nc3 Nf6 6. Bd3 Nbd7 7. Qe2 c6 8.
g4 Nc5 9. Be4 Nfxe4 10. Nxe4 Qd5 11. f3 Na6 12. Nh3 Bd7 13. Nf4 Qa5 14. Nh5
O-O-O 15. Nxg7 e5 16. Nh5 Ba3 17. Bc3 Qc7 18. f4 Rhe8 19. Bxe5 Rxe5 20. fxe5
Qxe5 21. c3 f5 22. Nef6 Qd6 23. b4 c5 24. bxc5 Nxc5 25. d4 Ne4 26. Nxd7 Qxd7
27. O-O Rg8 28. Qc4+ 1-0

[Event "SG Turm Raesfeld/Erle 2 - Südlohner SV"]
[Site "Verbandsklasse 2015/2016"]
[Date "2016.02.20"]
[Round "6.3"]
[White "Harbers, Gerard"]
[Black "Fasselt, Hendrik"]
[Result "0-1"]
[WhiteElo "1856"]
[BlackElo "1804"]
[PlyCount "54"]
[EventDate "2016.??.??"]
[SourceDate "2015.10.31"]

1. e4 e5 2. Nf3 d6 3. d4 exd4 4. Nxd4 Nf6 5. Nc3 Be7 6. Be2 O-O 7. O-O Re8 8.
f4 Bf8 9. Bf3 c5 10. Nb3 Nc6 11. Re1 a6 12. Be3 Qc7 13. a4 Be6 14. Nd5 Bxd5 15.
exd5 Ne7 16. Nxc5 Nf5 17. Nxa6 bxa6 18. Bf2 Rxe1+ 19. Qxe1 Qxc2 20. Qb4 Qc7 21.
Bb6 Rb8 22. a5 Nd7 23. Qe4 Nxb6 24. Qxf5 Nd7 25. Qd3 Qc5+ 26. Kh1 Rb7 27. Qd2
Qb4 0-1

[Event "SG Turm Raesfeld/Erle 2 - Südlohner SV"]
[Site "Verbandsklasse 2015/2016"]
[Date "2016.02.20"]
[Round "6.4"]
[White "Kadenbach, Wolfgang"]
[Black "Telöken, Stefan"]
[Result "1/2-1/2"]
[WhiteElo "1731"]
[BlackElo "1770"]
[PlyCount "31"]
[EventDate "2016.??.??"]
[SourceDate "2015.10.31"]

1. d4 d5 2. c4 e6 3. Nc3 Be7 4. Nf3 Nf6 5. Bg5 O-O 6. e3 c6 7. Rc1 Nbd7 8. Bd3
dxc4 9. Bxc4 b5 10. Bd3 a6 11. O-O Bb7 12. e4 Rc8 13. e5 Nd5 14. Bxe7 Qxe7 15.
Nxd5 cxd5 16. Qe2 1/2-1/2

[Event "SG Turm Raesfeld/Erle 2 - Südlohner SV"]
[Site "Verbandsklasse 2015/2016"]
[Date "2016.02.20"]
[Round "6.5"]
[White "Schmeing, Manfred"]
[Black "Suer, Julian"]
[Result "1-0"]
[WhiteElo "1746"]
[BlackElo "1739"]
[PlyCount "83"]
[EventDate "2016.??.??"]
[SourceDate "2015.10.31"]

1. e4 d5 2. exd5 Nf6 3. d4 Nxd5 4. c4 Nb6 5. Nf3 g6 6. h3 Bg7 7. Nc3 O-O 8. Be3
Nc6 9. Qd2 Re8 10. Be2 e5 11. d5 Ne7 12. O-O Nf5 13. Rad1 Nxe3 14. Qxe3 f5 15.
c5 Nd7 16. b4 f4 17. Qd3 Nf6 18. Nd2 Bf5 19. Nde4 Nxe4 20. Nxe4 Qh4 21. Bf3 a6
22. Qe2 Rad8 23. Bg4 Kh8 24. d6 c6 25. a4 Rd7 26. Bf3 Qd8 27. b5 axb5 28. axb5
Qc8 29. b6 Qd8 30. Ra1 Be6 31. Ra7 Bd5 32. Rfa1 Qh4 33. Bg4 Be6 34. Bxe6 Rxe6
35. Ra8+ Rd8 36. Qg4 Bf6 37. Rxd8+ Bxd8 38. Qxe6 f3 39. gxf3 Kg7 40. Ra7 Kh6
41. Rxb7 Bc7 42. Qg4 1-0

[Event "SG Turm Raesfeld/Erle 2 - Südlohner SV"]
[Site "Verbandsklasse 2015/2016"]
[Date "2016.02.20"]
[Round "6.6"]
[White "Cvetkovic, Reinhard"]
[Black "Musholt, Joachim"]
[Result "0-1"]
[WhiteElo "1706"]
[BlackElo "1668"]
[PlyCount "118"]
[EventDate "2016.??.??"]
[SourceDate "2015.10.31"]

1. e4 c5 2. Nf3 Nc6 3. Bc4 e6 4. O-O a6 5. Re1 b5 6. Bf1 d6 7. a4 Rb8 8. axb5
axb5 9. Nc3 b4 10. Ne2 Nf6 11. Nf4 Be7 12. c3 O-O 13. d4 cxd4 14. cxd4 d5 15.
e5 Ne8 16. Bd3 g6 17. Nh3 Ng7 18. Bh6 Re8 19. Re3 Bf8 20. Bg5 Be7 21. Qc2 Bd7
22. Kh1 Bxg5 23. Nhxg5 Nxd4 24. Nxd4 Qxg5 25. Rf1 Rec8 26. Qd1 Rc7 27. f4 Qe7
28. g4 Rbc8 29. Qd2 Qc5 30. Nb3 Qb6 31. f5 exf5 32. gxf5 Ba4 33. fxg6 fxg6 34.
Rf6 Rc6 35. Bxg6 hxg6 36. Qxd5+ Re6 37. Nd4 Bc6 38. Nxc6 Qxc6 39. Qxc6 Rcxc6
40. Rf4 Rc1+ 41. Kg2 Rc2+ 42. Rf2 Rxf2+ 43. Kxf2 Rc6 44. Kf3 Rc2 45. b3 Nf5 46.
Rd3 Rxh2 47. Ke4 Kf7 48. Kd5 Rh4 49. Rd2 Rd4+ 50. Rxd4 Nxd4 51. Kxd4 Ke6 52.
Kc4 g5 53. Kd4 g4 54. Ke4 g3 55. Kf3 Kxe5 56. Kxg3 Kd4 57. Kf3 Kc3 58. Ke2 Kxb3
59. Kd1 Ka2 0-1

[Event "SG Turm Raesfeld/Erle 2 - Südlohner SV"]
[Site "Verbandsklasse 2015/2016"]
[Date "2016.02.20"]
[Round "6.7"]
[White "Emming, Benedikt"]
[Black "Hoffmann, Fabian"]
[Result "1-0"]
[WhiteElo "1726"]
[BlackElo "1693"]
[PlyCount "70"]
[EventDate "2016.??.??"]
[SourceDate "2015.10.31"]

1. e4 c5 2. Nf3 e6 3. d4 cxd4 4. Nxd4 a6 5. Be2 Nf6 6. Nd2 Qc7 7. Bf3 b5 8. O-O
Bb7 9. Re1 d6 10. e5 Nd5 11. c4 Nb4 12. cxb5 Nd3 13. bxa6 Rxa6 14. Re3 Nxe5 15.
Bxb7 Qxb7 16. N2f3 Nbc6 17. Nxe5 Nxe5 18. Rc3 Be7 19. Qc2 O-O 20. Rc7 Qb4 21.
Be3 Rxa2 22. Rb1 Bf6 23. Qc3 Qa4 24. b4 Ng4 25. b5 Nxe3 26. fxe3 Qa8 27. Rc6
Be5 28. b6 Qb7 29. Qc4 Ra6 30. Rc7 Qe4 31. Nc2 d5 32. Qxe4 dxe4 33. Ra7 Rxa7
34. bxa7 Bd6 35. Nd4 Ra8 1-0

[Event "SG Turm Raesfeld/Erle 2 - Südlohner SV"]
[Site "Verbandsklasse 2015/2016"]
[Date "2016.02.20"]
[Round "6.8"]
[White "Droste, Laurenz"]
[Black "van de Laar, Han"]
[Result "1/2-1/2"]
[WhiteElo "1612"]
[BlackElo "1651"]
[PlyCount "57"]
[EventDate "2016.??.??"]
[SourceDate "2015.10.31"]

1. f4 d6 2. e3 e5 3. fxe5 dxe5 4. Nf3 Bd6 5. d3 Nf6 6. Be2 O-O 7. Nc3 Nc6 8.
O-O Bg4 9. Ng5 Bxe2 10. Qxe2 h6 11. Nge4 Nxe4 12. Nxe4 f5 13. Nc3 Qh4 14. g3
Qg5 15. Qg2 Qh5 16. Nb5 Rad8 17. b3 Rf7 18. Nxd6 cxd6 19. a3 Qg6 20. Qd5 Kh8
21. Bd2 Rdf8 22. Qg2 Nd8 23. Rf2 Qe6 24. Raf1 g5 25. c4 Qd7 26. Qh3 Kg7 27. Bc3
Kg6 28. Qg2 Ne6 29. b4 1/2-1/2

[Event "SK Gescher 1 - Indische Dame Münster 1"]
[Site "Verbandsklasse 2015/2016"]
[Date "2016.02.20"]
[Round "6.1"]
[White "Stevermüer, Rüdiger"]
[Black "Eißing, Christoph"]
[Result "1/2-1/2"]
[WhiteElo "1959"]
[BlackElo "2011"]
[PlyCount "86"]
[EventDate "2016.??.??"]
[SourceDate "2015.10.31"]

1. e4 c6 2. d3 d5 3. Nd2 e5 4. Ngf3 Bd6 5. g3 Bg4 6. Bg2 Ne7 7. h3 Bh5 8. O-O
O-O 9. g4 Bg6 10. Qe2 Nd7 11. Nh4 Nf6 12. Bf3 h6 13. Re1 Bh7 14. Nf5 Ng6 15.
Nf1 dxe4 16. dxe4 Bc5 17. Be3 Qb6 18. Kh1 Bxe3 19. fxe3 Rfd8 20. c3 Nf8 21. h4
Ne6 22. Qg2 Nc5 23. g5 hxg5 24. hxg5 Bxf5 25. exf5 Ne8 26. Re2 Rd6 27. Nd2 Qxb2
28. Rb1 Qxc3 29. Ne4 Nxe4 30. Bxe4 b6 31. Qf3 f6 32. Rc2 Qa5 33. Bxc6 Rad8 34.
Bxe8 Rxe8 35. g6 Qd5 36. Qxd5+ Rxd5 37. Rc7 e4 38. Rf1 Ra5 39. Rf2 Kf8 40. Kg2
Re7 41. Rc8+ Re8 42. Rc7 Re7 43. Rc8+ Re8 1/2-1/2

[Event "SK Gescher 1 - Indische Dame Münster 1"]
[Site "Verbandsklasse 2015/2016"]
[Date "2016.02.20"]
[Round "6.2"]
[White "Priebs, Ludger"]
[Black "Knispel-Roth, Martin"]
[Result "1/2-1/2"]
[WhiteElo "1789"]
[BlackElo "1897"]
[PlyCount "31"]
[EventDate "2016.??.??"]
[SourceDate "2015.10.31"]

1. Nf3 e6 2. d4 f5 3. c4 Nf6 4. Nc3 Bb4 5. Bd2 O-O 6. Qc2 b6 7. e3 Bb7 8. Qb3
a5 9. a3 Bxc3 10. Bxc3 Ne4 11. Be2 Rf6 12. Rf1 d6 13. g3 Nd7 14. Nd2 Nxc3 15.
Qxc3 Qe7 16. Bf3 1/2-1/2

[Event "SK Gescher 1 - Indische Dame Münster 1"]
[Site "Verbandsklasse 2015/2016"]
[Date "2016.02.20"]
[Round "6.3"]
[White "Frie, Michael"]
[Black "Lanfer, Stefan"]
[Result "1/2-1/2"]
[WhiteElo "1882"]
[BlackElo "1828"]
[PlyCount "46"]
[EventDate "2016.??.??"]
[SourceDate "2015.10.31"]

1. e4 c6 2. d4 d5 3. Nc3 dxe4 4. Nxe4 Nd7 5. Nf3 Ngf6 6. Ng3 e6 7. Bc4 Bd6 8.
Qe2 Nb6 9. Bb3 O-O 10. Ne4 Be7 11. O-O h6 12. c3 Nbd7 13. Rd1 Qc7 14. Bc2 Rd8
15. Nxf6+ Nxf6 16. Ne5 b6 17. Bf4 Bd6 18. Qf3 Nd5 19. Bg3 Bb7 20. Qd3 Nf6 21.
Qe2 c5 22. dxc5 Qxc5 23. Ng4 Nxg4 1/2-1/2

[Event "SK Gescher 1 - Indische Dame Münster 1"]
[Site "Verbandsklasse 2015/2016"]
[Date "2016.02.20"]
[Round "6.4"]
[White "Iking, Bernhard"]
[Black "Tenberge, Norbert"]
[Result "0-1"]
[WhiteElo "1771"]
[BlackElo "1832"]
[PlyCount "76"]
[EventDate "2016.??.??"]
[SourceDate "2015.10.31"]

1. d4 d6 2. c4 Nf6 3. Nc3 g6 4. e4 Bg7 5. Be2 O-O 6. f4 Nbd7 7. e5 Ne8 8. Nf3
c5 9. Be3 b6 10. O-O Nc7 11. Qc2 cxd4 12. Bxd4 Ne6 13. Be3 dxe5 14. fxe5 Bb7
15. Rad1 Qc7 16. Nb5 Qc6 17. Bd3 Nxe5 18. Nbd4 Nxf3+ 19. Nxf3 a5 20. Qf2 Nc5
21. b3 e5 22. Bxc5 bxc5 23. Rfe1 Qc7 24. Qg3 f6 25. Be4 Bxe4 26. Rxe4 Rad8 27.
Ree1 Rd6 28. Qf2 Rfd8 29. Qe2 Qd7 30. Rxd6 Qxd6 31. Qc2 f5 32. Re2 Qd1+ 33.
Qxd1 Rxd1+ 34. Kf2 e4 35. Ng5 Bf6 36. Ne6 Kf7 37. Nf4 Bd4+ 38. Kg3 Be5 0-1

[Event "SK Gescher 1 - Indische Dame Münster 1"]
[Site "Verbandsklasse 2015/2016"]
[Date "2016.02.20"]
[Round "6.5"]
[White "ter Veen, Michael"]
[Black "Stein, Michael"]
[Result "1/2-1/2"]
[WhiteElo "1755"]
[BlackElo "1706"]
[PlyCount "89"]
[EventDate "2016.??.??"]
[SourceDate "2015.10.31"]

1. c4 Nf6 2. Nc3 d5 3. cxd5 Nxd5 4. d4 g6 5. e4 Nxc3 6. bxc3 Bg7 7. Be3 O-O 8.
Nf3 c5 9. Be2 Nc6 10. O-O cxd4 11. cxd4 Bg4 12. Rb1 b6 13. e5 Qd5 14. h3 Bd7
15. Qc2 Na5 16. Qb2 Rac8 17. Rbc1 Be6 18. a4 Qb3 19. Qxb3 Bxb3 20. Bb5 e6 21.
Nd2 Bd5 22. f3 Nb3 23. Nxb3 Bxb3 24. Kf2 Bd5 25. Bd2 Bb7 26. Bb4 Rxc1 27. Rxc1
Rc8 28. Rxc8+ Bxc8 29. Bc6 Bf8 30. Bd6 f6 31. Bb8 fxe5 32. Bxa7 exd4 33. Bxb6
e5 34. Bb5 Kf7 35. a5 Bb7 36. a6 Ba8 37. Bd7 Bd6 38. Bc8 Ke7 39. Ke2 Bb8 40.
Kd3 Kd6 41. Bd8 Bc7 42. Bf6 Bd5 43. Bb7 Bxb7 44. axb7 Kc6 45. f4 1/2-1/2

[Event "SK Gescher 1 - Indische Dame Münster 1"]
[Site "Verbandsklasse 2015/2016"]
[Date "2016.02.20"]
[Round "6.6"]
[White "Robers, Frank"]
[Black "Glotzbach, Thomas"]
[Result "1/2-1/2"]
[WhiteElo "1701"]
[BlackElo "1718"]
[PlyCount "101"]
[EventDate "2016.??.??"]
[SourceDate "2015.10.31"]

1. e4 e6 2. Qe2 c5 3. f4 d6 4. Nf3 Nc6 5. g3 g6 6. Bg2 Bg7 7. c3 Nge7 8. O-O
O-O 9. d3 b5 10. Nh4 f5 11. Nf3 a5 12. Be3 b4 13. exf5 Nxf5 14. Ne5 dxe5 15.
Bxc6 Ra6 16. Be4 Nxe3 17. Qxe3 Qc7 18. a3 exf4 19. Rxf4 Rxf4 20. Qxf4 Qxf4 21.
gxf4 Bh6 22. axb4 axb4 23. Rxa6 Bxa6 24. cxb4 cxb4 25. Nd2 Bxf4 26. Nc4 Kf7 27.
Kg2 h6 28. h4 Kf6 29. Kf3 Bc7 30. Ne3 Bb5 31. b3 Be8 32. d4 Bb6 33. Nc2 Bf7 34.
Nxb4 Bxd4 35. Nc2 Bb6 36. b4 Ke5 37. Ne3 Bxe3 38. Kxe3 Kd6 39. Kf3 Be8 40. Kf4
e5+ 41. Ke3 g5 42. hxg5 hxg5 43. Bf5 Bc6 44. Kf2 Bd7 45. Be4 Kc7 46. Kg3 Kb6
47. Bd3 Bb5 48. Be4 Be2 49. Kf2 Bc4 50. Kg3 Be6 51. Bd3 1/2-1/2

[Event "SK Gescher 1 - Indische Dame Münster 1"]
[Site "Verbandsklasse 2015/2016"]
[Date "2016.02.20"]
[Round "6.7"]
[White "Dittberner, Markus"]
[Black "Frieske, Hilmar"]
[Result "1-0"]
[WhiteElo "1642"]
[BlackElo "1776"]
[PlyCount "83"]
[EventDate "2016.??.??"]
[SourceDate "2015.10.31"]

1. e4 d5 2. exd5 Nf6 3. d4 Nxd5 4. c4 Nb6 5. Be3 g6 6. Nf3 Bg7 7. Nbd2 Nc6 8.
d5 Ne5 9. Bd4 Bg4 10. Be2 Bxf3 11. Nxf3 Nxf3+ 12. Bxf3 e5 13. Bc3 O-O 14. Be2
Qg5 15. O-O Rad8 16. a4 Nd7 17. b4 a6 18. Qb3 e4 19. Bxg7 Kxg7 20. Rad1 Qe5 21.
f4 Qe7 22. Qc3+ Qf6 23. Qb3 Qe7 24. Qc3+ Kg8 25. c5 Rc8 26. c6 bxc6 27. Bxa6
Ra8 28. Bb7 Rxa4 29. Bxc6 Ra7 30. Qd4 Nb6 31. f5 f6 32. Rde1 gxf5 33. Rxf5 Nc8
34. Rxe4 Ra1+ 35. Rf1 Rxf1+ 36. Kxf1 Qd6 37. g3 Ne7 38. Re6 Nxc6 39. Qg4+ Kf7
40. Rxd6 Ne5 41. Qe6+ Kg6 42. Ra6 1-0

[Event "SK Gescher 1 - Indische Dame Münster 1"]
[Site "Verbandsklasse 2015/2016"]
[Date "2016.02.20"]
[Round "6.8"]
[White "Leschinsky, Sven"]
[Black "Overesch, Dieter"]
[Result "1/2-1/2"]
[WhiteElo "1469"]
[BlackElo "1690"]
[PlyCount "39"]
[EventDate "2016.??.??"]
[SourceDate "2015.10.31"]

1. e4 d6 2. d4 Nf6 3. Nc3 e5 4. dxe5 dxe5 5. Qxd8+ Kxd8 6. Bg5 Be6 7. O-O-O+
Kc8 8. a3 a6 9. Nf3 Nbd7 10. h3 Bd6 11. Be3 h6 12. Nh4 b5 13. Nf5 Bxf5 14. exf5
Rb8 15. g3 e4 16. a4 Bb4 17. Na2 Bd6 18. Nc3 Bb4 19. Na2 Bd6 20. Nc3 1/2-1/2

[Event "SK Königsspringer Nordwalde 1 - Schach"]
[Site "Verbandsklasse 2015/2016"]
[Date "2016.02.20"]
[Round "6.1"]
[White "Melkert, Tim"]
[Black "Sandmann, Matthias"]
[Result "0-1"]
[WhiteElo "1899"]
[BlackElo "1780"]
[PlyCount "68"]
[EventDate "2016.??.??"]
[SourceDate "2015.10.31"]

1. e4 e6 2. d4 c5 3. d5 d6 4. Nf3 Nf6 5. Bb5+ Nfd7 6. c4 exd5 7. exd5 Be7 8.
O-O O-O 9. Nc3 Bf6 10. Re1 Nb6 11. Nd2 Bf5 12. Ba4 Nxa4 13. Qxa4 Nd7 14. Nde4
Ne5 15. Bf4 Nd3 16. Nxd6 Bd7 17. Qb3 Nxf4 18. Nxb7 Qc7 19. d6 Qc6 20. Ne4 Bd4
21. Qf3 Ng6 22. Na5 Qa6 23. Nb3 Qxc4 24. Rac1 Qb5 25. Nbxc5 Bc6 26. Nb3 Bxb2
27. Rc5 Qb4 28. Re2 Rac8 29. h3 Be5 30. Rxc6 Rxc6 31. Nf6+ gxf6 32. Qxc6 Qxd6
33. Qxd6 Bxd6 34. Nd4 Rb8 0-1

[Event "SK Königsspringer Nordwalde 1 - Schach"]
[Site "Verbandsklasse 2015/2016"]
[Date "2016.02.20"]
[Round "6.2"]
[White "Lerke, Bernd"]
[Black "Kluczka, Konrad"]
[Result "0-1"]
[WhiteElo "1888"]
[BlackElo "1807"]
[PlyCount "110"]
[EventDate "2016.??.??"]
[SourceDate "2015.10.31"]

1. e4 e5 2. Nf3 Nc6 3. Bb5 d6 4. d4 exd4 5. Qxd4 Bd7 6. Bxc6 Bxc6 7. c4 Qf6 8.
Nc3 Qxd4 9. Nxd4 Ne7 10. Bg5 h6 11. Bxe7 Bxe7 12. Nxc6 bxc6 13. O-O-O Bf6 14.
Rd3 Rb8 15. Kc2 O-O 16. b3 Bxc3 17. Kxc3 Rfe8 18. f3 Re5 19. Rb1 a5 20. Rb2 g5
21. Rdd2 Kg7 22. g4 Kg6 23. Kd4 c5+ 24. Kc3 Kf6 25. Kd3 Kg6 26. Ke3 Rbe8 27.
Kf2 h5 28. h3 h4 29. Rd3 Rb8 30. Rbd2 f6 31. Ke3 Rbe8 32. Rd5 Kf7 33. Kd3 Kg6
34. Kc3 Rb8 35. a3 Ree8 36. Rb2 Rb7 37. b4 axb4+ 38. axb4 Reb8 39. b5 Ra8 40.
Rd1 Ra3+ 41. Rb3 Rba7 42. Rdb1 Ra2 43. R1b2 Ra1 44. b6 cxb6 45. Rxb6 R7a3+ 46.
Kc2 Rxf3 47. Rxd6 Rxh3 48. e5 Rh2+ 49. Kb3 Rxb2+ 50. Kxb2 Rf1 51. exf6 Rxf6 52.
Rd5 h3 53. Rd3 Rf2+ 54. Ka3 h2 55. Rh3 Rf3+ 0-1

[Event "SK Königsspringer Nordwalde 1 - Schach"]
[Site "Verbandsklasse 2015/2016"]
[Date "2016.02.20"]
[Round "6.3"]
[White "Schipke, Thorsten"]
[Black "Wetterau, Georg"]
[Result "1/2-1/2"]
[WhiteElo "1793"]
[BlackElo "1814"]
[PlyCount "85"]
[EventDate "2016.??.??"]
[SourceDate "2015.10.31"]

1. e4 e5 2. f4 exf4 3. Nf3 Nf6 4. e5 Ne4 5. d3 Ng5 6. Bxf4 Nxf3+ 7. Qxf3 d5 8.
Be2 Be7 9. O-O Be6 10. c4 Nc6 11. cxd5 Nd4 12. Qf2 Nxe2+ 13. Qxe2 Qxd5 14. Nc3
Qd7 15. Be3 O-O 16. d4 Qc6 17. Rfd1 Rad8 18. Rac1 Qd7 19. h3 c6 20. Rf1 f5 21.
Qf3 f4 22. Bf2 g5 23. d5 cxd5 24. Bxa7 b5 25. Bd4 b4 26. Nd1 Rc8 27. Nf2 Rxc1
28. Rxc1 Rc8 29. Rxc8+ Qxc8 30. Nd3 Qc4 31. Bf2 Bf5 32. Ne1 Qxa2 33. Qh5 Qa8
34. h4 Qc8 35. hxg5 Bg4 36. Qh6 Qf5 37. Bh4 Bc5+ 38. Kh2 Qxe5 39. g6 hxg6 40.
Qxg6+ Qg7 41. Qc6 Qd4 42. Qg6+ Kf8 43. Qh6+ 1/2-1/2

[Event "SK Königsspringer Nordwalde 1 - Schach"]
[Site "Verbandsklasse 2015/2016"]
[Date "2016.02.20"]
[Round "6.5"]
[White "Dirks, Frank"]
[Black "Herding, Rudolf"]
[Result "1-0"]
[WhiteElo "1773"]
[BlackElo "1568"]
[PlyCount "73"]
[EventDate "2016.??.??"]
[SourceDate "2015.10.31"]

1. e4 c5 2. Nc3 d6 3. g3 g6 4. Bg2 Bg7 5. Nh3 Nc6 6. O-O Nf6 7. d3 O-O 8. Bd2
Nd4 9. Kh1 b5 10. Ne2 Bg4 11. f3 Bxh3 12. Bxh3 Nxe2 13. Qxe2 Nd7 14. Rab1 Nb6
15. f4 e6 16. g4 d5 17. f5 dxe4 18. dxe4 exf5 19. gxf5 Qh4 20. Qg2 Nc4 21. Bg5
Qh5 22. b3 Ne5 23. Be7 Rfe8 24. Bxc5 Nd7 25. Be3 Nf6 26. e5 Nd5 27. Bg1 Qh6 28.
f6 Bf8 29. e6 Nf4 30. exf7+ Kxf7 31. Qb7+ Kg8 32. f7+ Kh8 33. Bd4+ Bg7 34.
fxe8=Q+ Rxe8 35. Qf7 Bxd4 36. Qxe8+ Kg7 37. Qd7+ 1-0

[Event "SK Königsspringer Nordwalde 1 - Schach"]
[Site "Verbandsklasse 2015/2016"]
[Date "2016.02.20"]
[Round "6.6"]
[White "Keller, Hansjürgen"]
[Black "Scharlow, Siegmar"]
[Result "1/2-1/2"]
[WhiteElo "1583"]
[BlackElo "1741"]
[PlyCount "80"]
[EventDate "2016.??.??"]
[SourceDate "2015.10.31"]

1. d4 Nf6 2. Nf3 d5 3. Bf4 e6 4. e3 Be7 5. Bd3 Nh5 6. Bg3 Nxg3 7. hxg3 h6 8.
Nbd2 c5 9. c3 cxd4 10. exd4 Nc6 11. Qe2 O-O 12. Ne5 Nxe5 13. dxe5 f5 14. Nf3
Bd7 15. Bb5 a6 16. Bxd7 Qxd7 17. O-O b5 18. Rac1 Rac8 19. Nd4 Bc5 20. Rfd1 Rc7
21. Nf3 Rfc8 22. a3 g5 23. Nd4 Bxd4 24. Rxd4 Rc4 25. Rcd1 Rxd4 26. Rxd4 Rc4 27.
Qd3 Kg7 28. f4 Qc7 29. Kf1 Qc5 30. Rxc4 bxc4 31. Qd4 Qxd4 32. cxd4 Kf7 33. Ke2
Ke7 34. Kd2 Kd7 35. Kc3 Kc6 36. Kb4 Kb6 37. a4 g4 38. a5+ Kc6 39. Ka4 Kb7 40.
Kb4 Kc6 1/2-1/2

[Event "SK Königsspringer Nordwalde 1 - Schach"]
[Site "Verbandsklasse 2015/2016"]
[Date "2016.02.20"]
[Round "6.7"]
[White "Hagemann, Lars"]
[Black "Hols, Bernhard"]
[Result "0-1"]
[WhiteElo "1690"]
[BlackElo "1734"]
[PlyCount "100"]
[EventDate "2016.??.??"]
[SourceDate "2015.10.31"]

1. e4 c5 2. Nc3 Nc6 3. f4 g6 4. Nf3 Bg7 5. Bc4 d6 6. d3 e6 7. O-O Nge7 8. Be3
O-O 9. Qe1 Nd4 10. Qd2 Nec6 11. a3 a6 12. f5 exf5 13. Nd5 Nxf3+ 14. gxf3 Bd4
15. Bxd4 Nxd4 16. c3 Nc6 17. Qh6 Be6 18. Nf4 Bxc4 19. Nh5 gxh5 20. Kh1 Ne5 21.
exf5 Ng6 22. dxc4 Qf6 23. fxg6 hxg6 24. f4 Qf5 25. Rg1 Qe4+ 26. Rg2 Rae8 27.
Rf1 Re6 28. Qxh5 Kg7 29. Qd5 Rfe8 30. f5 Rf6 31. Qxe4 Rxe4 32. Rd1 Rxf5 33.
Rxd6 Re1+ 34. Rg1 Re2 35. Rb6 Rff2 36. Rb1 Rxh2+ 37. Kg1 f5 38. Rxb7+ Kh6 39.
b4 cxb4 40. cxb4 f4 41. Rf7 Kg5 42. Rb3 Kg4 43. b5 Rhg2+ 44. Kh1 Rgf2 45. Kg1
axb5 46. cxb5 f3 47. Rf6 g5 48. Rg6 Rg2+ 49. Kf1 Ref2+ 50. Ke1 Ra2 0-1

[Event "SK Königsspringer Nordwalde 1 - Schach"]
[Site "Verbandsklasse 2015/2016"]
[Date "2016.02.20"]
[Round "6.8"]
[White "Kasubke, Manfred"]
[Black "Albustin, Benedikt"]
[Result "0-1"]
[WhiteElo "1903"]
[BlackElo "1886"]
[PlyCount "84"]
[EventDate "2016.??.??"]
[SourceDate "2015.10.31"]

1. c4 Nf6 2. Nc3 g6 3. e4 c5 4. e5 Ng8 5. Nf3 Nc6 6. d4 cxd4 7. Nxd4 Nxe5 8.
Bf4 Bg7 9. Be2 Nc6 10. Ndb5 d6 11. Nd5 Rb8 12. Qd2 a6 13. Nbc7+ Kf8 14. c5 dxc5
15. Rd1 e6 16. Nb6 Qxd2+ 17. Rxd2 e5 18. Be3 Nd4 19. Bc4 Nf6 20. O-O Nd7 21.
Ncd5 Nxb6 22. Nxb6 Ke7 23. Bxd4 cxd4 24. Re1 Rd8 25. f4 f6 26. Nd5+ Kd6 27.
Rde2 Bg4 28. Rc2 Rbc8 29. Nb4 Bf5 30. Rcc1 Bh6 31. g3 Rc5 32. b3 exf4 33. Rcd1
Rxc4 34. bxc4 Kc5 35. Nd5 fxg3 36. Re7 gxh2+ 37. Kxh2 Bc2 38. Rde1 d3 39. Nxf6
d2 40. Rc7+ Kd4 41. Rg1 Bf4+ 42. Kh3 Bxc7 0-1

[Event "SF Stadtlohn 1 - SK Ochtrup 1"]
[Site "Verbandsklasse 2015/2016"]
[Date "2016.02.20"]
[Round "6.2"]
[White "Te Sligte, Bert"]
[Black "Schwietering, Ralf"]
[Result "1/2-1/2"]
[WhiteElo "1875"]
[BlackElo "1878"]
[PlyCount "168"]
[EventDate "2016.??.??"]
[SourceDate "2015.10.31"]

1. e4 c5 2. Nf3 Nc6 3. d4 cxd4 4. Nxd4 Nf6 5. Nc3 d6 6. Be2 g6 7. O-O Bg7 8.
Be3 O-O 9. Kh1 Bd7 10. f3 a6 11. Qd2 Rc8 12. Rfd1 Re8 13. Nxc6 Bxc6 14. Bd4 Qa5
15. Nd5 Qxd2 16. Nxf6+ Bxf6 17. Rxd2 Bg5 18. Rdd1 Ba4 19. b3 Bd7 20. c4 b5 21.
Rab1 Rc7 22. g3 Rec8 23. f4 Bh6 24. e5 Bc6+ 25. Kg1 Be4 26. Rbc1 bxc4 27. exd6
exd6 28. Rxc4 Rxc4 29. bxc4 Bf8 30. Rd2 Rc6 31. Rb2 d5 32. Rb6 dxc4 33. Rxc6
Bxc6 34. Bxc4 Bb5 35. Bxb5 axb5 36. Kf2 f5 37. Kf3 Kf7 38. g4 Ke6 39. gxf5+
gxf5 40. Be5 Be7 41. Ke3 Kd5 42. Kd3 Bd8 43. Bb8 Bf6 44. Ba7 Bb2 45. Be3 Ba3
46. Bd2 Bc5 47. Bc1 Bg1 48. h3 Kc5 49. Ba3+ Kd5 50. Bc1 Bd4 51. Ba3 Bf6 52. Bc1
Bg7 53. Ba3 Bh6 54. Bc1 Kc5 55. Ba3+ b4 56. Bc1 Bg7 57. Be3+ Kb5 58. Bd4 Bf8
59. Be3 Bc5 60. Bd2 Bf2 61. Ke2 Bh4 62. Kd3 Bf6 63. Be1 Bg7 64. Bd2 Bb2 65. Kc2
Bd4 66. Kb3 Bc5 67. Bc1 Be7 68. Bd2 Bd6 69. Be3 Bf8 70. Bd2 Bh6 71. Be3 Bf8 72.
Bd2 Bc5 73. Bc1 Bf2 74. Bd2 Bg3 75. Bc1 Be1 76. Be3 Bc3 77. a3 Be1 78. a4+ Ka5
79. Bc5 Bc3 80. Bd6 Bd2 81. Bc7+ Ka6 82. Kc4 Be1 83. Bd6 Ka5 84. Kb3 Bd2
1/2-1/2

[Event "SF Stadtlohn 1 - SK Ochtrup 1"]
[Site "Verbandsklasse 2015/2016"]
[Date "2016.02.20"]
[Round "6.3"]
[White "Holtmannspötter, Thomas"]
[Black "Krosenbrink, Marcel"]
[Result "0-1"]
[WhiteElo "1762"]
[BlackElo "1808"]
[PlyCount "52"]
[EventDate "2016.??.??"]
[SourceDate "2015.10.31"]

1. e4 c6 2. d4 d5 3. Nc3 dxe4 4. Nxe4 Nf6 5. Ng3 e5 6. dxe5 Qxd1+ 7. Kxd1 Ng4
8. Be3 Nxe5 9. Be2 Be6 10. Nf3 Ng4 11. c4 Nxe3+ 12. fxe3 f6 13. Nd4 Bf7 14. Kc2
Nd7 15. Rad1 Ne5 16. b3 Ba3 17. Ndf5 O-O 18. Ne4 a5 19. g4 a4 20. Rhg1 axb3+
21. axb3 Bb4 22. Kb2 b5 23. g5 bxc4 24. gxf6 c3+ 25. Kb1 Bg6 26. fxg7 Rxf5 0-1

[Event "SF Stadtlohn 1 - SK Ochtrup 1"]
[Site "Verbandsklasse 2015/2016"]
[Date "2016.02.20"]
[Round "6.4"]
[White "Kloster, Daniel"]
[Black "Moor, Daniel"]
[Result "1-0"]
[WhiteElo "1730"]
[BlackElo "1642"]
[PlyCount "53"]
[EventDate "2016.??.??"]
[SourceDate "2015.10.31"]

1. d4 Nf6 2. Nf3 g6 3. Nc3 Bg7 4. e4 d6 5. h3 a6 6. Bc4 b5 7. Bd3 c5 8. dxc5
dxc5 9. e5 Nfd7 10. Be4 Ra7 11. Be3 Bb7 12. Bxb7 Rxb7 13. Qd5 Rc7 14. e6 fxe6
15. Qxe6 Rc6 16. Qd5 Rf8 17. Ng5 Rd6 18. Qe4 Nf6 19. Qe5 Nbd7 20. Qg3 Qa5 21.
O-O Qb4 22. Qf3 e5 23. Rad1 Rxd1 24. Rxd1 Qxb2 25. Qa8+ Ke7 26. Nd5+ Nxd5 27.
Qxd5 1-0